[Event "ENCI Limburg-open B"]
[Site "Maastricht"]
[Date "2012.05.28"]
[Round "7"]
[White "Ramaekers, Philippe"]
[Black "Kuryliw, Ray"]
[Result "1-0"]
[WhiteElo "1896"]
[BlackElo "1897"]
[PlyCount "69"]
[EventDate "2012.05.25"]
[EventType "swiss"]
[EventRounds "7"]
[EventCountry "NED"]
[Source "P.Boonen"]
[SourceDate "2013.01.01"]

1. e4 e6 2. d4 d5 3. e5 c5 4. c3 Nc6 5. Nf3 Bd7 6. Be2 Nge7 7. Na3 cxd4 8. cxd4
Nf5 9. Nc2 Be7 10. O-O Qb6 11. a3 Na5 12. b4 Nb3 13. Rb1 Nxc1 14. Rxc1 O-O 15.
Bd3 Bb5 16. Bxf5 exf5 17. Ne3 Qe6 18. Re1 f4 19. Nf1 Rfc8 20. N1d2 Rxc1 21.
Qxc1 Rc8 22. Qb1 Rc3 23. Rc1 Qc6 24. Re1 Bd3 25. Qb2 Rc2 26. Qb3 g5 27. Qxd3 g4
28. e6 f6 29. Nh4 Rc1 30. Qe2 Qc2 31. Qxg4+ Kf8 32. Rxc1 Qxc1+ 33. Nf1 Qe1 34.
Qxf4 Qxe6 35. Nf5 1-0

[Event "ENCI Limburg-open B"]
[Site "Maastricht"]
[Date "2012.05.28"]
[Round "7"]
[White "Ringeltaube, Denny"]
[Black "Tikanmaki, Heikki"]
[Result "0-1"]
[WhiteElo "1749"]
[BlackElo "1813"]
[PlyCount "62"]
[EventDate "2012.05.25"]
[EventType "swiss"]
[EventRounds "7"]
[EventCountry "NED"]
[Source "P.Boonen"]
[SourceDate "2013.01.01"]

1. d4 Nf6 2. Bg5 e6 3. e3 Be7 4. Nf3 d5 5. Bd3 Nbd7 6. Nbd2 c5 7. c3 h6 8. Bf4
Nh5 9. Be5 Nxe5 10. Nxe5 Nf6 11. Qa4+ Bd7 12. Nxd7 Nxd7 13. f4 a6 14. Nf3 b5
15. Qd1 b4 16. O-O c4 17. Bc2 f5 18. Ba4 O-O 19. Bxd7 Qxd7 20. Ne5 Qe8 21. cxb4
Bxb4 22. Qc2 Bd6 23. Nf3 Qb5 24. g4 fxg4 25. Nh4 Rf6 26. f5 Raf8 27. e4 dxe4
28. Qxe4 exf5 29. Rxf5 Rxf5 30. Qe6+ R5f7 31. Qxd6 Qxb2 0-1

[Event "ENCI Limburg-open B"]
[Site "Maastricht"]
[Date "2012.05.28"]
[Round "7"]
[White "Sanders, Catheleijne"]
[Black "Weber, Bernhard1"]
[Result "0-1"]
[WhiteElo "1775"]
[BlackElo "1765"]
[PlyCount "88"]
[EventDate "2012.05.25"]
[EventType "swiss"]
[EventRounds "7"]
[EventCountry "NED"]
[Source "P.Boonen"]
[SourceDate "2013.01.01"]

1. e4 e6 2. d4 d5 3. e5 c5 4. c3 Nc6 5. Nf3 Qb6 6. a3 c4 7. g3 Na5 8. Nbd2 Bd7
9. Bg2 Ne7 10. O-O Qc7 11. Rb1 Nc8 12. Qc2 Nb6 13. b3 cxb3 14. Nxb3 Ba4 15.
Nfd2 Nbc4 16. Qa2 Nxd2 17. Bxd2 Bxb3 18. Rxb3 Nxb3 19. Qxb3 Be7 20. f4 g6 21.
Kh1 O-O-O 22. Rb1 Rd7 23. Qa4 Kb8 24. c4 Ka8 25. c5 Qc6 26. Qb3 h5 27. Bf1 a6
28. Qc2 Bd8 29. Rb2 Bc7 30. Bc3 Ka7 31. Qd2 Rc8 32. Ba5 Qa4 33. Bxc7 Rdxc7 34.
Qd3 Rc6 35. Rb4 Qa5 36. Qb3 Rb8 37. Ra4 Qe1 38. Kg2 Qe4+ 39. Kg1 h4 40. Bb5
Qe1+ 41. Kg2 hxg3 42. hxg3 Rh8 43. Bf1 Qe4+ 44. Qf3 Rh2+ 0-1

[Event "ENCI Limburg-open B"]
[Site "Maastricht"]
[Date "2012.05.28"]
[Round "7"]
[White "Santiago, Gerardo"]
[Black "Klein, Gernot"]
[Result "1-0"]
[WhiteElo "1714"]
[BlackElo "1971"]
[PlyCount "97"]
[EventDate "2012.05.25"]
[EventType "swiss"]
[EventRounds "7"]
[EventCountry "NED"]
[Source "P.Boonen"]
[SourceDate "2013.01.01"]

1. e4 c5 2. Nf3 e6 3. d4 cxd4 4. Nxd4 a6 5. Bc4 Nf6 6. Nc3 b5 7. Bb3 b4 8. e5
bxc3 9. exf6 Qxf6 10. bxc3 Bb7 11. O-O Qg6 12. f3 Be7 13. Qd3 Nc6 14. Nxc6 Bxc6
15. Be3 O-O 16. Qxg6 hxg6 17. a4 Rfc8 18. Rfd1 d6 19. Rd3 Bb7 20. Rb1 Bc6 21.
Bf4 e5 22. Be3 Rab8 23. Rbd1 a5 24. Bc1 Bd7 25. Ba3 Bf5 26. Bxd6 Bxd3 27. Bxb8
Bc5+ 28. Kh1 Bxc2 29. Bxc2 Rxb8 30. Rd5 Rc8 31. c4 Bd4 32. Bb3 Rc5 33. g4 f5
34. h3 e4 35. Rxd4 exf3 36. Rf4 fxg4 37. hxg4 Rg5 38. c5+ Kh7 39. c6 Rc5 40.
Rc4 f2 41. Kg2 Re5 42. Kxf2 Re8 43. g5 Rf8+ 44. Kg3 Kg8 45. Rf4+ Rf7 46. Rxf7
Kh7 47. c7 Kh8 48. c8=Q+ Kh7 49. Rxg7+ 1-0

[Event "ENCI Limburg-open B"]
[Site "Maastricht"]
[Date "2012.05.28"]
[Round "7"]
[White "Schloemer, Armin"]
[Black "Lentjes, Noud"]
[Result "0-1"]
[WhiteElo "1881"]
[BlackElo "1940"]
[PlyCount "116"]
[EventDate "2012.05.25"]
[EventType "swiss"]
[EventRounds "7"]
[EventCountry "NED"]
[Source "P.Boonen"]
[SourceDate "2013.01.01"]

1. Nf3 d5 2. c4 e6 3. g3 Nf6 4. Bg2 c6 5. b3 Nbd7 6. Bb2 Bd6 7. d3 O-O 8. O-O
Re8 9. Nbd2 e5 10. cxd5 Nxd5 11. Nc4 Bc7 12. Qc2 b5 13. Ncd2 Bb7 14. Rac1 Qe7
15. Ne4 Bb6 16. d4 f5 17. Nc5 Bxc5 18. dxc5 Rf8 19. e4 Nb4 20. Qb1 Nxc5 21.
Nxe5 Nxe4 22. Bxe4 fxe4 23. a3 Nd3 24. Nxd3 exd3 25. Qxd3 c5 26. Qxb5 Bd5 27.
Rxc5 Bf3 28. Qc4+ Rf7 29. Rc8+ Rxc8 30. Qxc8+ Rf8 31. Qc4+ Kh8 32. Rc1 Rd8 33.
Qc3 Ba8 34. Re1 Qb7 35. f3 Rc8 36. Qe5 Rg8 37. Rc1 Qxb3 38. Qc3 Qb7 39. Re1 h6
40. Re6 Kh7 41. Qc2+ g6 42. Rc6 Qxc6 43. Qb3 Qd7 44. Qe3 Re8 45. Be5 Qd1+ 46.
Kf2 Qxf3+ 47. Qxf3 Bxf3 48. Bd4 Bc6 49. Bxa7 g5 50. Bc5 g4 51. Bd6 Kg6 52. Bc5
Kf5 53. Bd6 Ke4 54. Bc5 Kd3 55. Kg1 Re2 56. Bf2 Ra2 57. Bc5 Ke2 58. h3 Ra1+ 0-1

[Event "ENCI Limburg-open B"]
[Site "Maastricht"]
[Date "2012.05.28"]
[Round "7"]
[White "Schubert, Karl"]
[Black "Geboers, Jimmy"]
[Result "1-0"]
[WhiteElo "1879"]
[BlackElo "1954"]
[PlyCount "39"]
[EventDate "2012.05.25"]
[EventType "swiss"]
[EventRounds "7"]
[EventCountry "NED"]
[Source "P.Boonen"]
[SourceDate "2013.01.01"]

1. d4 d5 2. Nf3 Nf6 3. g3 b6 4. Bg2 Bb7 5. O-O e6 6. b3 Be7 7. Bb2 O-O 8. Nbd2
c5 9. Ne5 Nc6 10. Nxc6 Bxc6 11. c4 Rc8 12. dxc5 Bxc5 13. a3 dxc4 14. Nxc4 Bxg2
15. Kxg2 b5 16. Ne5 Qb6 17. b4 Rfd8 18. bxc5 Rxc5 19. Qb3 Rd2 20. Nf3 1-0

[Event "ENCI Limburg-open B"]
[Site "Maastricht"]
[Date "2012.05.28"]
[Round "7"]
[White "Snoeks, Pieter Jan"]
[Black "Pirard, Natan"]
[Result "1-0"]
[WhiteElo "1719"]
[BlackElo "1748"]
[PlyCount "79"]
[EventDate "2012.05.25"]
[EventType "swiss"]
[EventRounds "7"]
[EventCountry "NED"]
[Source "P.Boonen"]
[SourceDate "2013.01.01"]

1. c4 Nf6 2. d4 g6 3. Nc3 Bg7 4. e4 d6 5. f4 O-O 6. Nf3 Nbd7 7. Be2 c5 8. d5 a6
9. O-O Rb8 10. Be3 Qc7 11. Qe1 Nb6 12. a4 Bd7 13. a5 Na8 14. h3 b5 15. cxb5
axb5 16. e5 Ne8 17. e6 fxe6 18. dxe6 Bc6 19. Ng5 b4 20. Na4 Bd5 21. Qh4 h6 22.
Nf7 Bxe6 23. Nxh6+ Bxh6 24. Qxh6 Bf5 25. Bc4+ e6 26. g4 d5 27. gxf5 dxc4 28.
Qxg6+ Qg7 29. Qxg7+ Nxg7 30. fxe6 Nxe6 31. Nxc5 Nxc5 32. Bxc5 Rfc8 33. Bd6 Rb5
34. Ra4 b3 35. Be5 Rc6 36. Rc1 Kf7 37. Raxc4 Rg6+ 38. Kf2 Rxa5 39. Rb4 Rb6 40.
Rc7+ 1-0

[Event "ENCI Limburg-open B"]
[Site "Maastricht"]
[Date "2012.05.28"]
[Round "7"]
[White "Sofic, Narcis"]
[Black "Geene, Joris"]
[Result "1/2-1/2"]
[WhiteElo "1871"]
[BlackElo "1612"]
[PlyCount "103"]
[EventDate "2012.05.25"]
[EventType "swiss"]
[EventRounds "7"]
[EventCountry "NED"]
[Source "P.Boonen"]
[SourceDate "2013.01.01"]

1. Nf3 d5 2. c4 Nf6 3. g3 Bf5 4. Qb3 b6 5. Bg2 Be4 6. d3 dxc4 7. Qxc4 Bd5 8.
Qc2 Bb7 9. Nc3 e6 10. O-O Bd6 11. Nb5 a6 12. Nxd6+ cxd6 13. Bg5 Nbd7 14. Rac1
O-O 15. Qc7 Nc5 16. Qxd8 Raxd8 17. Bxf6 gxf6 18. b4 Nd7 19. Rc7 Bd5 20. Nd4
Bxg2 21. Kxg2 Nb8 22. Rfc1 b5 23. Kf3 Rfe8 24. Nb3 Kf8 25. Na5 d5 26. h4 Re7
27. R7c5 Nd7 28. R5c3 Nb8 29. g4 Kg7 30. Ra3 Ra7 31. Ke3 Kg6 32. Nc6 Nxc6 33.
Rxc6 Rda8 34. Ra5 f5 35. Kf4 fxg4 36. Kxg4 h6 37. e4 dxe4 38. dxe4 Rd7 39. f3
Rda7 40. h5+ Kf6 41. f4 Rg8+ 42. Kf3 Rga8 43. Ke3 Ke7 44. f5 Kd7 45. Rc5 Rc7
46. Rcxb5 axb5 47. fxe6+ fxe6 48. Rxa8 Rc3+ 49. Kf4 Rh3 50. Ra5 Rxh5 51. a4
Rh4+ 52. Ke5 1/2-1/2

[Event "ENCI Limburg-open B"]
[Site "Maastricht"]
[Date "2012.05.28"]
[Round "7"]
[White "Staudte, Rainer"]
[Black "Dittmar, Thomas"]
[Result "1-0"]
[WhiteElo "1954"]
[BlackElo "1947"]
[PlyCount "69"]
[EventDate "2012.05.25"]
[EventType "swiss"]
[EventRounds "7"]
[EventCountry "NED"]
[Source "P.Boonen"]
[SourceDate "2013.01.01"]

1. d4 Nf6 2. c4 c5 3. d5 e6 4. Nc3 exd5 5. cxd5 d6 6. e4 g6 7. f4 Bg7 8. Bb5+
Nfd7 9. Bd3 O-O 10. Nf3 Nf6 11. O-O Bg4 12. h3 Bxf3 13. Qxf3 a6 14. a4 Nbd7 15.
a5 Qc7 16. Bc4 Rfe8 17. Bd2 b5 18. axb6 Qxb6 19. Rab1 Qb4 20. Qd3 Nb6 21. b3
Nxc4 22. bxc4 Qa5 23. e5 dxe5 24. fxe5 Nd7 25. Ne4 Nxe5 26. Bxa5 Nxd3 27. Nf6+
Bxf6 28. Rxf6 Re4 29. Rb7 Ne5 30. Bc3 Nxc4 31. Rfxf7 Nd6 32. Rg7+ Kf8 33. Rbd7
Nc8 34. Rxh7 Re7 35. Rd8+ 1-0

[Event "ENCI Limburg-open B"]
[Site "Maastricht"]
[Date "2012.05.28"]
[Round "7"]
[White "Turrini, Paolo"]
[Black "Loose, Rob"]
[Result "1/2-1/2"]
[WhiteElo "1793"]
[BlackElo "1970"]
[PlyCount "63"]
[EventDate "2012.05.25"]
[EventType "swiss"]
[EventRounds "7"]
[EventCountry "NED"]
[Source "P.Boonen"]
[SourceDate "2013.01.01"]

1. c4 e5 2. g3 Nf6 3. Bg2 d5 4. cxd5 Nxd5 5. Nc3 Nb6 6. Nf3 Nc6 7. O-O Be7 8.
a3 O-O 9. b4 Be6 10. Rb1 f6 11. d3 Nd4 12. Nxd4 exd4 13. Ne4 Ba2 14. Rb2 Bd5
15. Qc2 Kh8 16. Bf4 Rc8 17. Bh3 f5 18. Nc5 Qe8 19. e4 dxe3 20. Bxe3 Qh5 21. Bg2
Bf6 22. Rbb1 Bxg2 23. Kxg2 Nd5 24. Nd7 Rfe8 25. Nxf6 gxf6 26. Qd1 Qg6 27. Qf3
c6 28. b5 Rg8 29. bxc6 bxc6 30. Rb7 a6 31. Rfb1 f4 32. Bxf4 1/2-1/2

[Event "ENCI Limburg-open B"]
[Site "Maastricht"]
[Date "2012.05.28"]
[Round "7"]
[White "Van Ginneken, Jeroen"]
[Black "Alvarez Carbajales, Fermin"]
[Result "1/2-1/2"]
[WhiteElo "1718"]
[BlackElo "1954"]
[PlyCount "115"]
[EventDate "2012.05.25"]
[EventType "swiss"]
[EventRounds "7"]
[EventCountry "NED"]
[Source "P.Boonen"]
[SourceDate "2013.01.01"]

1. e4 Nf6 2. e5 Nd5 3. d4 d6 4. c4 Nb6 5. Nf3 Bg4 6. exd6 exd6 7. Be2 Be7 8.
O-O O-O 9. Nc3 Nc6 10. b3 Re8 11. d5 Bf6 12. Bd2 Ne5 13. Rc1 Nxf3+ 14. Bxf3 Bf5
15. Re1 a5 16. Be4 Bxc3 17. Bxf5 Rxe1+ 18. Qxe1 Bxd2 19. Qxd2 Qf6 20. Bg4 a4
21. h3 g6 22. b4 h5 23. Bf3 a3 24. Qc3 Qxc3 25. Rxc3 Nd7 26. Kf1 Ra4 27. b5 b6
28. Ke1 Kg7 29. Be2 Kf6 30. f4 Kf5 31. g3 Nc5 32. Re3 f6 33. Kd1 g5 34. fxg5
Kxg5 35. Kc2 f5 36. Re7 Rb4 37. h4+ Kg6 38. Re3 Rb2+ 39. Kc1 Rxa2 40. Bd1 Ra1+
41. Kc2 Na4 42. Re6+ Kg7 43. Re3 a2 44. Ra3 Nc5 45. Bxh5 Rg1 46. Kb2 Rg2+ 47.
Ka1 Ne4 48. Rxa2 Rxa2+ 49. Kxa2 Nxg3 50. Bf3 Kf6 51. Kb3 f4 52. Kc3 Nf5 53. h5
Ke5 54. Kd3 Nh6 55. Bg2 Ng4 56. Bf3 Nh6 57. Bg2 Ng4 58. Bf3 1/2-1/2

[Event "ENCI Limburg-open B"]
[Site "Maastricht"]
[Date "2012.05.28"]
[Round "7"]
[White "Van der Scheur, Dirk"]
[Black "Koelmans, Jan Willem"]
[Result "1/2-1/2"]
[WhiteElo "1951"]
[BlackElo "2027"]
[PlyCount "61"]
[EventDate "2012.05.25"]
[EventType "swiss"]
[EventRounds "7"]
[EventCountry "NED"]
[Source "P.Boonen"]
[SourceDate "2013.01.01"]

1. d4 Nf6 2. c4 c6 3. Nf3 d5 4. e3 e6 5. Nbd2 Bd6 6. Bd3 Nbd7 7. O-O O-O 8. e4
dxe4 9. Nxe4 Nxe4 10. Bxe4 h6 11. b3 Qe7 12. Bc2 Rd8 13. Qe2 Nf6 14. c5 Bc7 15.
Bb2 Nd5 16. g3 b5 17. Rac1 a5 18. a3 b4 19. a4 Ba6 20. Bd3 Bxd3 21. Qxd3 Nf6
22. Rce1 Rd5 23. Re3 Qd7 24. Rfe1 h5 25. h4 Ng4 26. Ng5 Rxg5 27. hxg5 Nxe3 28.
Qxe3 Qd5 29. Qe4 Qxe4 30. Rxe4 g6 31. Bc1 1/2-1/2

[Event "ENCI Limburg-open B"]
[Site "Maastricht"]
[Date "2012.05.28"]
[Round "7"]
[White "Wambach, Patrick"]
[Black "Holwijn, Melvin"]
[Result "1-0"]
[WhiteElo "1847"]
[BlackElo "2025"]
[PlyCount "101"]
[EventDate "2012.05.25"]
[EventType "swiss"]
[EventRounds "7"]
[EventCountry "NED"]
[Source "P.Boonen"]
[SourceDate "2013.01.01"]

1. Nf3 d5 2. c4 c6 3. b3 Nf6 4. Bb2 g6 5. g3 Bg7 6. Bg2 O-O 7. O-O Bf5 8. d3
dxc4 9. bxc4 Qc8 10. Qb3 a5 11. a4 Na6 12. Nbd2 Nb4 13. Bc3 Nd7 14. Bxg7 Kxg7
15. Nd4 Nf6 16. Nxf5+ Qxf5 17. Qc3 Kg8 18. e4 Qd7 19. e5 Ne8 20. d4 Rd8 21. Nb3
b6 22. c5 Qa7 23. cxb6 Qxb6 24. Rfc1 Nc7 25. Bxc6 Ncd5 26. Bxd5 Nxd5 27. Qc4 e6
28. Qb5 Ra8 29. Qxb6 Nxb6 30. Rc5 Rfd8 31. Kf1 Rd5 32. Ke2 Nd7 33. Rxd5 exd5
34. Nc5 Nxc5 35. dxc5 Re8 36. f4 f6 37. Kd3 fxe5 38. fxe5 Rxe5 39. c6 Kf7 40.
c7 Re8 41. Rc1 Rc8 42. Kd4 Ke6 43. Rc6+ Kd7 44. Kxd5 Rxc7 45. Rxc7+ Kxc7 46.
Kc5 g5 47. g4 Kb7 48. Kb5 h6 49. h3 Kc7 50. Kxa5 Kc6 51. Kb4 1-0

[Event "ENCI Limburg-open C"]
[Site "Maastricht"]
[Date "2012.05.25"]
[Round "1"]
[White "Arns, Danny"]
[Black "Janssen, Fynn"]
[Result "1-0"]
[WhiteElo "1530"]
[BlackElo "935"]
[PlyCount "111"]
[EventDate "2012.05.25"]
[EventType "swiss"]
[EventRounds "7"]
[EventCountry "NED"]
[Source "P.Boonen"]
[SourceDate "2013.01.01"]

1. e4 e5 2. Bc4 Nf6 3. d3 Nc6 4. Nf3 Na5 5. Nxe5 Nxc4 6. Nxc4 Bc5 7. Bg5 Be7 8.
O-O h6 9. Bh4 O-O 10. Nc3 d6 11. f4 Nd7 12. Bxe7 Qxe7 13. Nd5 Qd8 14. Qd2 c6
15. Nc3 Qf6 16. d4 Nb6 17. Ne3 Rd8 18. Rad1 Be6 19. b3 c5 20. d5 Bc8 21. a4 a6
22. a5 Nd7 23. Nc4 Nf8 24. e5 dxe5 25. fxe5 Qe7 26. Qf4 Ng6 27. d6 Qe6 28. Qf3
Rf8 29. Qd5 Bd7 30. Qxc5 Rfc8 31. Qd5 Bc6 32. Qxe6 fxe6 33. Nb6 Bb5 34. Nxb5
axb5 35. Nxc8 Rxc8 36. Rde1 Nf8 37. Re2 Nd7 38. Rc1 Rc5 39. Rd1 Kh7 40. Rd4 Kg6
41. Rg4+ Kh7 42. h4 Rd5 43. h5 Kg8 44. Re3 Rd1+ 45. Kh2 Rd5 46. Reg3 Nxe5 47.
Rxg7+ Kf8 48. Rg8+ Kf7 49. R3g7+ Kf6 50. Rxb7 Rxd6 51. Rxb5 Nf7 52. Rg6+ Ke7
53. Rb7+ Rd7 54. Rxd7+ Kxd7 55. Rg7 Ke7 56. a6 1-0

[Event "ENCI Limburg-open C"]
[Site "Maastricht"]
[Date "2012.05.25"]
[Round "1"]
[White "Been, Klaas"]
[Black "Mollema, Henk"]
[Result "1-0"]
[WhiteElo "1738"]
[BlackElo "1493"]
[PlyCount "71"]
[EventDate "2012.05.25"]
[EventType "swiss"]
[EventRounds "7"]
[EventCountry "NED"]
[Source "P.Boonen"]
[SourceDate "2013.01.01"]

1. d4 f5 2. Nf3 Nf6 3. c4 g6 4. Nc3 Bg7 5. g3 O-O 6. Bg2 c6 7. O-O d6 8. Re1
Qe8 9. b3 e5 10. dxe5 dxe5 11. Ba3 Rf7 12. Qc2 e4 13. Nd4 Rd7 14. Rad1 Ng4 15.
e3 Ne5 16. Rd2 Nd3 17. Red1 Qe5 18. Nce2 c5 19. Nb5 a6 20. Nbc3 Nc6 21. Nd5
Ncb4 22. Bxb4 Nxb4 23. Nxb4 Rxd2 24. Qxd2 cxb4 25. Qxb4 Qc7 26. Nf4 Bf8 27. Qd2
Qf7 28. Bf1 g5 29. Nd5 Be6 30. Be2 Rd8 31. Nf6+ Qxf6 32. Qxd8 Qg6 33. Qb8 h5
34. Rd8 Qg7 35. Qd6 Qf6 36. Rxf8+ 1-0

[Event "ENCI Limburg-open C"]
[Site "Maastricht"]
[Date "2012.05.25"]
[Round "1"]
[White "Boer, Jan"]
[Black "Bauchmueller, Heinrich"]
[Result "1-0"]
[WhiteElo "1730"]
[BlackElo "1447"]
[PlyCount "65"]
[EventDate "2012.05.25"]
[EventType "swiss"]
[EventRounds "7"]
[EventCountry "NED"]
[Source "P.Boonen"]
[SourceDate "2013.01.01"]

1. d4 e5 2. dxe5 Nc6 3. Nf3 Bc5 4. Nc3 Nge7 5. Bg5 h6 6. Bh4 g5 7. Bg3 Bb4 8.
Qd3 d6 9. exd6 cxd6 10. Nd2 Bf5 11. e4 Be6 12. a3 Ba5 13. b4 Bc7 14. Nb5 Ne5
15. Qc3 N7c6 16. Nxc7+ Qxc7 17. b5 Qa5 18. Qb2 Ne7 19. Bxe5 dxe5 20. Qxe5 Ng6
21. Qb2 Rd8 22. Rd1 O-O 23. Bd3 Nf4 24. O-O Nxd3 25. cxd3 Rxd3 26. Nf3 Rxa3 27.
Qf6 Kh7 28. Nd4 Qd8 29. Qe5 Qb6 30. Nxe6 Qxe6 31. Qc5 Rc8 32. Qxa3 Qb6 33. Qd3
1-0

[Event "ENCI Limburg-open C"]
[Site "Maastricht"]
[Date "2012.05.25"]
[Round "1"]
[White "Calje, Ming Dao"]
[Black "Cios, Maciej"]
[Result "0-1"]
[WhiteElo "800"]
[BlackElo "1528"]
[PlyCount "70"]
[EventDate "2012.05.25"]
[EventType "swiss"]
[EventRounds "7"]
[EventCountry "NED"]
[Source "P.Boonen"]
[SourceDate "2013.01.01"]

1. e4 e5 2. Nf3 Nc6 3. Nc3 d6 4. Bc4 Be7 5. d3 Nf6 6. Be3 O-O 7. Qd2 Na5 8.
O-O-O Nxc4 9. dxc4 Be6 10. Qd3 Ng4 11. Rd2 Nxe3 12. fxe3 a5 13. Na4 Qd7 14. b3
Rfd8 15. Rhd1 f6 16. c5 Qc6 17. Qe2 Qxe4 18. Nc3 Qc6 19. Na4 d5 20. e4 d4 21.
c3 Bxc5 22. cxd4 Bxd4+ 23. Rc2 Qd6 24. Nxd4 exd4 25. Rcd2 c5 26. Qe3 Qxh2 27.
g3 dxe3 28. Rxh2 Rxd1+ 29. Kxd1 Bg4+ 30. Ke1 Rd8 31. Nc3 Rd3 32. Rc2 b5 33. Kf1
b4 34. Ne2 Rd1+ 35. Kg2 Rd2 0-1

[Event "ENCI Limburg-open C"]
[Site "Maastricht"]
[Date "2012.05.25"]
[Round "1"]
[White "Chang, Hawkie"]
[Black "Van Dael, Siem"]
[Result "1-0"]
[WhiteElo "1581"]
[BlackElo "1127"]
[PlyCount "121"]
[EventDate "2012.05.25"]
[EventType "swiss"]
[EventRounds "7"]
[EventCountry "NED"]
[Source "P.Boonen"]
[SourceDate "2013.01.01"]

1. e4 e5 2. Nf3 Nc6 3. d4 exd4 4. Nxd4 Bc5 5. Be3 Qf6 6. Nb5 Bd6 7. N1c3 Nge7
8. Be2 O-O 9. O-O Be5 10. f4 Bxc3 11. Nxc3 d6 12. Rb1 a6 13. a3 Bd7 14. Nd5
Nxd5 15. exd5 Ne7 16. Bd4 Qg6 17. c4 Bf5 18. Rc1 c5 19. Bc3 Bh3 20. Rf2 Nf5 21.
Bh5 Qh6 22. gxh3 Ne3 23. Qf3 Nxc4 24. Bxg7 Kxg7 25. Rxc4 Rg8 26. Rg2+ Kf6 27.
Qc3+ Ke7 28. Re4+ Kf8 29. Rxg8+ Kxg8 30. Qg3+ Kf8 31. Qg4 Qf6 32. Qg2 b5 33.
Qd2 a5 34. Qc3 Qxc3 35. bxc3 b4 36. cxb4 axb4 37. axb4 Ra4 38. Bd1 Ra1 39. Re1
cxb4 40. Kf2 Ra5 41. Bb3 Ra3 42. Rb1 Kg7 43. Bc4 Rxh3 44. Kg2 Rh4 45. Kg3 Rh6
46. Bd3 Rh5 47. Be4 f5 48. Bd3 Kf6 49. Re1 Kg7 50. Re6 Kf7 51. Be2 Rxh2 52.
Kxh2 b3 53. Bd3 b2 54. Rxd6 h5 55. Rb6 h4 56. Rxb2 Kf6 57. Re2 h3 58. d6 Kf7
59. d7 Kg6 60. d8=Q Kh5 61. Qg5# 1-0

[Event "ENCI Limburg-open C"]
[Site "Maastricht"]
[Date "2012.05.25"]
[Round "1"]
[White "De Lange, Gerard"]
[Black "Kaiser, Anton"]
[Result "1-0"]
[WhiteElo "1630"]
[BlackElo "1192"]
[PlyCount "63"]
[EventDate "2012.05.25"]
[EventType "swiss"]
[EventRounds "7"]
[EventCountry "NED"]
[Source "P.Boonen"]
[SourceDate "2013.01.01"]

1. d4 d5 2. c4 e6 3. Nc3 Nf6 4. e3 Be7 5. Bd3 O-O 6. Nge2 Nc6 7. a3 e5 8. O-O
e4 9. Bc2 b6 10. cxd5 Nxd5 11. Bxe4 Nxc3 12. Nxc3 Bb7 13. Qf3 Qd7 14. b4 Rab8
15. Nd5 f5 16. Nxe7+ Nxe7 17. Bxb7 c6 18. Ba6 b5 19. a4 Rb6 20. axb5 cxb5 21.
Bb2 Nd5 22. Qd1 Nc7 23. Qb3+ Kh8 24. Bxb5 Nxb5 25. d5 Rd6 26. Rfd1 a6 27. Be5
Rg6 28. d6 Ra8 29. Qd5 Ra7 30. Rac1 Qe8 31. d7 Rxd7 32. Qxd7 1-0

[Event "ENCI Limburg-open C"]
[Site "Maastricht"]
[Date "2012.05.25"]
[Round "1"]
[White "De Leeuw, Bart"]
[Black "Schoffelen, Jan"]
[Result "1-0"]
[WhiteElo "1678"]
[BlackElo "1359"]
[PlyCount "79"]
[EventDate "2012.05.25"]
[EventType "swiss"]
[EventRounds "7"]
[EventCountry "NED"]
[Source "P.Boonen"]
[SourceDate "2013.01.01"]

1. Nf3 Nf6 2. c4 c5 3. e3 Nc6 4. d4 cxd4 5. exd4 e6 6. Nc3 d5 7. cxd5 Nxd5 8.
Bb5 Bb4 9. Bd2 Bxc3 10. bxc3 O-O 11. O-O Bd7 12. Bd3 Rc8 13. c4 Nf6 14. Bg5 Nb4
15. Bxh7+ Kxh7 16. Qb1+ Kg8 17. Qxb4 Bc6 18. Ne5 Qxd4 19. Bxf6 gxf6 20. Nxc6
bxc6 21. Rfd1 Qe5 22. Qa4 Rc7 23. Re1 Qd4 24. Qa3 Re8 25. Qg3+ Kf8 26. Qxc7
Qxc4 27. Qxa7 Re7 28. Qb8+ Re8 29. Qd6+ Kg8 30. Re3 f5 31. Rg3+ Kh7 32. Qe5 Rg8
33. Rh3+ Kg6 34. Qg3+ Qg4 35. Qxg4+ fxg4 36. Rc3 Rc8 37. Rac1 Ra8 38. R1c2 Ra6
39. g3 f5 40. Rxc6 1-0

[Event "ENCI Limburg-open C"]
[Site "Maastricht"]
[Date "2012.05.25"]
[Round "1"]
[White "De Mon, Gino"]
[Black "Beissel, Daniel"]
[Result "0-1"]
[WhiteElo "1172"]
[BlackElo "1611"]
[PlyCount "40"]
[EventDate "2012.05.25"]
[EventType "swiss"]
[EventRounds "7"]
[EventCountry "NED"]
[Source "P.Boonen"]
[SourceDate "2013.01.01"]

1. e4 c5 2. Nf3 Nc6 3. Bb5 g6 4. Bxc6 bxc6 5. O-O d5 6. e5 Bg7 7. c3 Ba6 8. Re1
Bd3 9. Ng5 Nh6 10. Qf3 c4 11. b3 Rb8 12. Na3 Qc7 13. bxc4 dxc4 14. e6 f6 15.
Ne4 Qb6 16. Qe3 Qa5 17. Nc5 Nf5 18. Nb3 Rxb3 19. Qxd3 cxd3 20. axb3 Qd5 0-1

[Event "ENCI Limburg-open C"]
[Site "Maastricht"]
[Date "2012.05.25"]
[Round "1"]
[White "De Ridder, Gertie"]
[Black "Uiterwijk, Jos"]
[Result "0-1"]
[WhiteElo "1121"]
[BlackElo "1577"]
[PlyCount "106"]
[EventDate "2012.05.25"]
[EventType "swiss"]
[EventRounds "7"]
[EventCountry "NED"]
[Source "P.Boonen"]
[SourceDate "2013.01.01"]

1. e4 c5 2. Nf3 d6 3. d4 cxd4 4. Nxd4 g6 5. Nc3 a6 6. Be3 Bg7 7. Bc4 Nf6 8. f3
O-O 9. Qd2 Nc6 10. O-O-O Ne5 11. Bb3 Bd7 12. h4 Rc8 13. g4 Nc4 14. Bxc4 Rxc4
15. Bh6 Nxe4 16. Nxe4 Rxd4 17. Qe3 Qb6 18. Rxd4 Bxd4 19. Qb3 Qxb3 20. axb3 Rc8
21. h5 f5 22. Nd2 fxg4 23. hxg6 Bf5 24. c3 Bxg6 25. fxg4 Bg7 26. Bxg7 Kxg7 27.
Nf3 Be4 28. Rh3 Bxf3 29. Rxf3 Rf8 30. Re3 e5 31. Kd2 Rf2+ 32. Kc1 Rf4 33. Rd3
Rf6 34. c4 Kg6 35. b4 Kg5 36. c5 dxc5 37. bxc5 Rc6 38. b4 Kxg4 39. Rd6 Kf5 40.
Rd7 b6 41. Rxh7 bxc5 42. bxc5 Rxc5+ 43. Kd2 Ke4 44. Rh3 Ra5 45. Ke2 Ra2+ 46.
Kd1 Kd4 47. Rg3 e4 48. Rh3 a5 49. Rb3 a4 50. Rh3 a3 51. Rg3 Ra1+ 52. Ke2 a2 53.
Ra3 Rh1 0-1

[Event "ENCI Limburg-open C"]
[Site "Maastricht"]
[Date "2012.05.25"]
[Round "1"]
[White "Dedoncker, Pieter"]
[Black "Weerts, Rene"]
[Result "0-1"]
[WhiteElo "1106"]
[BlackElo "1560"]
[PlyCount "86"]
[EventDate "2012.05.25"]
[EventType "swiss"]
[EventRounds "7"]
[EventCountry "NED"]
[Source "P.Boonen"]
[SourceDate "2013.01.01"]

1. d4 g6 2. Bf4 d6 3. Nf3 Bg7 4. e3 Nf6 5. Bd3 Nh5 6. Bg5 h6 7. Bh4 g5 8. Bg3
Nxg3 9. fxg3 Nc6 10. Nc3 Bd7 11. Qe2 Nb4 12. O-O-O Nxd3+ 13. Qxd3 Qc8 14. Nd2
Bf5 15. e4 Bg6 16. h3 c6 17. Qc4 b5 18. Qb4 a5 19. Qb3 a4 20. Qa3 Bxd4 21. Nf3
Bc5 22. b4 axb3 23. Qxb3 Ra3 24. Qb2 O-O 25. g4 Qa8 26. h4 b4 27. Ne2 Be3+ 28.
Kb1 Bxe4 29. hxg5 b3 30. axb3 Rxb3 31. Qxb3 Rb8 32. Qxb8+ Qxb8+ 33. Ka1 Qa7+
34. Kb1 Qb6+ 35. Ka1 Qa6+ 36. Kb1 Qxe2 37. Rhe1 Bxc2+ 38. Ka1 Qa6+ 39. Kb2 Bxd1
40. Rxd1 Qe2+ 41. Rd2 Bxd2 42. Kb3 e5 43. Kc2 Bb4+ 0-1

[Event "ENCI Limburg-open C"]
[Site "Maastricht"]
[Date "2012.05.25"]
[Round "1"]
[White "Dekens, Joop"]
[Black "Beukema, Christiaan"]
[Result "1/2-1/2"]
[WhiteElo "1594"]
[BlackElo "1146"]
[PlyCount "44"]
[EventDate "2012.05.25"]
[EventType "swiss"]
[EventRounds "7"]
[EventCountry "NED"]
[Source "P.Boonen"]
[SourceDate "2013.01.01"]

1. d4 d5 2. c4 e6 3. Nf3 Nf6 4. Bg5 Nc6 5. e3 Be7 6. Nc3 h6 7. Bh4 O-O 8. Be2
b6 9. O-O Ba6 10. Bxf6 Bxf6 11. cxd5 Bxe2 12. Qxe2 exd5 13. Rac1 Re8 14. Rc2
Bxd4 15. Qb5 Bxc3 16. Qxc6 Bf6 17. Rd1 Re7 18. Rxd5 Re6 19. Qc4 Rd6 20. Rcd2
Rxd5 21. Rxd5 Qe7 22. b3 Rd8 1/2-1/2